Up and Down Movies II Quiz Stats

 Plays Quiz not verified by Sporcle

Score 0/20 Timer 03:00
0 Plays Today
Hint Name % Correct
White ... DownWhite House Down
94.1%
Bringing Down the ...Bringing Down the House
94.1%
Black ... DownBlack Hawk Down
82.4%
Up In the ... Up In the Air
70.6%
The ...-UpThe Break-Up
64.7%
Down to ...Down to Earth
58.8%
... 'Em UpShoot 'Em Up
47.1%
... Goes DownIgby Goes Down
41.2%
Down With ...Down With Love
35.3%
Dead ... DownDead Man Down
35.3%
Hint Name % Correct
... UpKnocked Up
29.4%
... Back DownNever Back Down
29.4%
The ...-UpThe Change-Up
23.5%
47 ... Down47 Meters Down
17.6%
... UpHanging Up
17.6%
Shut Up and ...Shut Up and Sing
11.8%
Down... (one word) *Downfall
11.8%
... UpSurf's Up
5.9%
Down... (one word) *Downsizing
5.9%
... UpFed Up
0%

You're not logged in!

Compare scores with friends on all Sporcle quizzes.
OR
Log In

Show Comments

Extras

Top Quizzes Today


Score Distribution

Your Account Isn't Verified!

In order to create a playlist on Sporcle, you need to verify the email address you used during registration. Go to your Sporcle Settings to finish the process.

Report this User

Report this user for behavior that violates our Community Guidelines.

Details: